The Management Accountant (Record no. 97677)

MARC details
000 -LEADER
fixed length control field 00281nam a2200109Ia 4500
008 - FIXED-LENGTH DATA ELEMENTS--GENERAL INFORMATION
fixed length control field 230206s9999 xx 000 0 und d
022 ## - INTERNATIONAL STANDARD SERIAL NUMBER
International Standard Serial Number 0972-3528
041 ## - LANGUAGE CODE
Language code of text/sound track or separate title eng
100 ## - MAIN ENTRY--PERSONAL NAME
Personal name Nandy D, Ed.
9 (RLIN) 119226
245 ## - TITLE STATEMENT
Title The Management Accountant
260 ## - PUBLICATION, DISTRIBUTION, ETC. (IMPRINT)
Name of publisher, distributor, etc. CMA Dr AS Durga Prasad
Place of publication, distribution, etc. Kolkata
Holdings
Withdrawn status Lost status Damaged status Not for loan Home library Current library Date acquired Vendor Total Checkouts Full call number Barcode Date last seen Bill Date Koha item type Original Barcode
        Smt. Hiraben Nanavati Institute of Management & Research for Women Smt. Hiraben Nanavati Institute of Management & Research for Women 18/11/2016 Saurabh Pustak Bandhani Kendra   658.1511/NAN BV0194 HIMR-BV-194 06/02/2023 06/02/2023 Bound Volume BV0194